Aplicación práctica de la legislación laboral (Registro nro. 22204)

Detalles MARC
000 -Cabecera
Campo de control interno 00849nam a22002537a 4500
005 - Fecha y hora del registro
control field 20260409120454.0
008 - Elementos de Longitud Fija
fixed length control field 260408b |||||||| |||| 00| 0 spa d
020 ## - ISBN
ISBN 9786123226671
041 ## - Idioma
Codigo Idioma ESP
082 ## - DEWEY y NOTACIÓN INTERNA
Dewey 348.6
Notación Interna O26A
100 ## - AUTOR
Autor denominación Obregón Sevillano, Tulio
245 ## - TÍTULO DE MATERIAL BIBLIOGRÁFICO
Título Aplicación práctica de la legislación laboral
250 ## - EDICIÓN
Edición Primera edición
260 ## - CIUDAD, EDITORIAL, AÑO
Ciudad Lima :
Nombre de la Editorial Instituto Pacífico,
Año 2026
300 ## - DESCRIPCIÓN
N° Páginas 511 páginas :
Otros detalles ilustraciones, cuadros ;
Dimensiones 25 cm.
440 ## - MENCIÓN DE SERIE
Título de la Serie ;
650 ## - TEMAS
Temas Ciencias Sociales
653 ## - DESCRIPTORES
Lenguajes no controlado Derecho; Derecho del trabajo
654 ## - PROGRAMAS
Programa Dpto. de Derecho y Ciencia Política
700 ## - OTROS AUTORES
Otros autores ;
856 ## - URL - UBICACIÓN
URI/URL: Enlace exacto del recurso <a href="https://0u214vrr0-y-https-app-vlex-com.itmsp.museknowledge.com/search/jurisdiction:PE/Aplicaci%C3%B3n+pr%C3%A1ctica+de+la+legislaci%C3%B3n+laboral">https://0u214vrr0-y-https-app-vlex-com.itmsp.museknowledge.com/search/jurisdiction:PE/Aplicaci%C3%B3n+pr%C3%A1ctica+de+la+legislaci%C3%B3n+laboral</a>
Nota pública: Versión digital <a href="Véase además: Base de datos Vlex">Véase además: Base de datos Vlex</a>
942 ## - ELEMENTOS DE KOHA
Tipo de documento Libro
Nombre del creador Justo Noguera
Código de catalogador Mirtha Ponce
Suppress in OPAC No
Esquema de clasificación Dewey Decimal Classification
Existencias
Codigo completo Registro Colección Copia número Disponibilidad Tipo de préstamo Biblioteca Actual Procedencia (Biblioteca) Ubicacón Fecha Ingreso Tipo de Adquisición Observación Date last seen Total checkouts Price effective from Tipo de Item Estado del Material Fuente de Clasificación Damaged status Withdrawn status
348.6 O26A 1088261 Universidad Católica San Pablo 1 No disponible Proceso Víctor Andrés Belaunde Víctor Andrés Belaunde Primer piso 08/04/2026 Suscripción Derecho 08/04/2026   08/04/2026 Libro Bueno Dewey Decimal Classification   Withdrawn